000 00435nam a2200193Ia 4500
005 20240823030149.0
008 240823s9999||||xx |||||||||||||| ||und||
020 _a978-81-312-1541-8
041 _aENGLISH
082 _A623.87236 Q1
100 _aWharton A J
245 0 _aDiesel Engines
250 _a3rd
260 _c2011
_bEls
_aJapan
500 _aTRANSFERED
650 _aDiesel
_bMarine
942 _cBK
999 _c188045
_d188045